00430 a2200157 4500003000400000005001700004008004100021020001800062040000900080082002300089100002700112245007100139250000900210260004300219300001000262OSt20230819140138.0230819b |||||||| |||| 00| 0 eng d a9789325963085 coclc a332.6320973bPAN/S aPandian, Punithavathy  aSECURITY ANALYSIS AND PORTFOLIO MANAGEMENT /cPunithavathy Pandian a 2ED aNoida:bVikas Publishing house,c2023. a559 p